Poems for Filipino Children (Record no. 9303)
[ view plain ]
| 000 -LEADER | |
|---|---|
| fixed length control field | 00506nam a22001697a 4500 |
| 003 - CONTROL NUMBER IDENTIFIER | |
| control field | OSt |
| 005 - DATE AND TIME OF LATEST TRANSACTION | |
| control field | 20260330062031.0 |
| 008 - FIXED-LENGTH DATA ELEMENTS--GENERAL INFORMATION | |
| fixed length control field | 260330b |||||||| |||| 00| 0 eng d |
| 040 ## - CATALOGING SOURCE | |
| Original cataloging agency | DWCL GS lib |
| Transcribing agency | OC |
| 082 ## - DEWEY DECIMAL CLASSIFICATION NUMBER | |
| Classification number | Res. 809.1 B644 1998 |
| 100 ## - MAIN ENTRY--PERSONAL NAME | |
| Personal name | Boquiren, G. Modesta |
| 245 ## - TITLE STATEMENT | |
| Title | Poems for Filipino Children |
| Statement of responsibility, etc. | Modesta G. Boquiren |
| 260 ## - PUBLICATION, DISTRIBUTION, ETC. | |
| Place of publication, distribution, etc. | Malabon |
| Name of publisher, distributor, etc. | H.E. Academia Enterprises |
| Date of publication, distribution, etc. | c1998. |
| 300 ## - PHYSICAL DESCRIPTION | |
| Extent | xxxii, 422 pages: |
| Other physical details | illustrations |
| Dimensions | 24cm. |
| 546 ## - LANGUAGE NOTE | |
| Language note | English |
| 942 ## - ADDED ENTRY ELEMENTS (KOHA) | |
| Source of classification or shelving scheme | Dewey Decimal Classification |
| Koha item type | Book- Reserved |
| Classification part | Res. |
| Suppress in OPAC | No |
| 952 ## - LOCATION AND ITEM INFORMATION (KOHA) | |
| -- | |
| 952 ## - LOCATION AND ITEM INFORMATION (KOHA) | |
| -- | |
| 952 ## - LOCATION AND ITEM INFORMATION (KOHA) | |
| -- | |
| 952 ## - LOCATION AND ITEM INFORMATION (KOHA) | |
| -- | |
| Withdrawn status | Lost status | Source of classification or shelving scheme | Damaged status | Not for loan | Home library | Current library | Shelving location | Date acquired | Source of acquisition | Total Checkouts | Full call number | Barcode | Date last seen | Copy number | Price effective from | Koha item type | Uniform Resource Identifier |
|---|---|---|---|---|---|---|---|---|---|---|---|---|---|---|---|---|---|
| Dewey Decimal Classification | Grade School Library | Grade School Library | Reserved | 03/30/2026 | School Fund, Donation | Res. 809.1 B644 1998 | 19922 | 03/30/2026 | c1 | 03/30/2026 | BK-0 CIRC | ||||||
| Dewey Decimal Classification | Grade School Library | Grade School Library | Reserved | 03/30/2026 | School Fund, Donation | Res. 809.1 B644 1998 | 19920 | 03/30/2026 | c2 | 03/30/2026 | BK-0 CIRC | ||||||
| Dewey Decimal Classification | Grade School Library | Grade School Library | Reserved | 03/30/2026 | School Fund, Donation | Res. 809.1 B644 1998 | 12323 | 03/30/2026 | c3 | 03/30/2026 | BK-0 CIRC | ||||||
| Dewey Decimal Classification | Grade School Library | Grade School Library | Reserved | 03/30/2026 | School Fund, Donation | Res. 809.1 B644 1998 | 19921 | 03/30/2026 | c4 | 03/30/2026 | BK-0 CIRC |